000 00556nam a2200157 a 4500
001 000029818
005 20200930055829.0
008 110426s1987 dr a 000 0 spa d
040 _aDO-SdBNP
_bspa
_cBNPHU
082 _axxx
_bR426t
110 1 _aRepública Dominicana.
_bSecretaría de Estado de Deportes, Educación Física y Recreación
_936997
245 1 0 _aTécnica y tactica de balonmano.
260 _aSanto Domingo :
_bSecretaría de Estado de Deportes, Educación Física y Recreación,
_c1987.
300 _a11 p. :
_bil. ;
_c18 cm.
049 _aBNPD
999 _c29310
_d29310